000
00170 a2200097 4500
020
_a
9781474853392
041
_a
spa
100
_a
Anonimo
245
_a
Terror
942
_c
K
999
_c
26597
_d
26597